000 00968nam a2200217Ia 4500
003 Ost
005 20260507075554.0
008 260507s9999||||xx |||||||||||||| ||und||
040 _cfsecg
041 _aara
082 _a300
100 _aعلي، محمود
_eمؤلف
245 0 _aالمدخل الى فن المفاوضات /
_c محمود علي
260 _aعمان:
_bدار الحامد للنشر و التوزيع,
_c2006
300 _a161 صفحة؛
_bإيضاحات ؛
_c24 سم
504 _aمراجع ص.158
520 _aمدخل الى فن المفاوضات اضافة الى ضوابط العمليات التفاوضية و الصراع و الحلول و كذا مراحل العملية التفاوضية و في الاخير تناول العوامل المؤثرة في العمليات التفاوضية.
653 _aالمفاوضات
700 _aالهزايمة، محمد عوض
_eمؤلف ثانوي
942 _cكتاب
999 _c44947
_d44947